Athlétisme : Champion du Monde du 100 m, Piste - Statistiques

Statistiques générales
  • Ce quiz a été pris 55 fois
  • Le résultat moyen est 10 sur 20
Statistiques - réponses
Année Vainqueurs % Correct
2015 Usain Bolt
100%
2013 Usain Bolt
100%
2009 Usain Bolt
100%
2017 Justin Gatlin
68%
2005 Justin Gatlin
68%
2023 Noah Lyles
66%
2011 Yohan Blake
59%
1991 Carl Lewis
57%
1987 Carl Lewis
57%
1983 Carl Lewis
57%
2007 Tyson Gay
52%
2022 Fred Kerley
36%
2025 Oblique Seville
34%
2001 Maurice Greene
30%
1999 Maurice Greene
30%
1997 Maurice Greene
30%
2019 Christian Coleman
27%
1993 Linford Christie
20%
2003 Kim Collins
16%
1995 Donovan Bailey
11%
Aucun quiz correspondant
Distribution des résultats
% des personnes avec chaque résultat
Percentile par nombre de réponses
Votre historique - résultats
Vous n’avez pas pris ce quiz